01727 2200457 4500001002100000005001500021035002000036007000300056008004100059020002200100040002200122082001600144084001800160090002200178090002200200100002900222245030300251250003100554300006700585440002200652650002200674700002900696700002800725700002900753700003800782700003000820700002400850700003200874700002900906700002800935700003400963700002800997850001201025504002501037264008901062336002101151337003001172338002301202999002201225990002201247INLIS00000000085395120200205024742 a0010-0220000121ta200205s2016 yoia g f 0 ind d a978-979-8786-62-4 aYOPDYOGbinderda04223a551.447 a551.447 EKO p aDEP 551.447 EKO p aCB-D.11 2016-29260 aEko Haryantoepenyunting10aPedoman praktis survei terintegrasi kawasan karst /cpenyusun, Eko Haryono, M. Widyastuti, Cahyo Rahmadi, Pindi Setiawan, Paulus Matius, Moch. Indra Novian, Ahmad Cahyadi, Ratih Aryasari, Ghufran Zulqisthi, Danardono, M. Haviz Damar, Arief Abdurrahman Hakim, M. Ainul Labib; penyunting, Eko Haryono aCetakan pertama, Juli 2016 aviii, 178 halaman :bilustrasi, gambar, tabel, grafik ;c25 cm aSeri bunga rampai 4aTanah (Teknologi)1 aWidyastuti, M.epenyusun0 aCahyo Rahmadiepenyusun0 aPindi Setiawanepenyusun0 aArief Abdurrahman Hakimepenyusun0 aHaviz Damar, M.epenyusun0 aDanardonoepenyusun0 aGhufran Zulqisthiepenyusun0 aRatih Aryasariepenyusun0 aAhmad Cahyadiepenyusun1 aIndra Novian, Moch.epenyusun0 aPaulus Matiusepenyusun aYOPDYOG aTermasuk bibliografi31aYogyakarta :bBadan Penerbit Fakultas Geografi (BPFG) Universitas Gadjah Mada,c2016 2rdacontentateks 2rdamediaatanpa perantara 2rdacarrieravolume aCB-D.11/2016-2926 aCB-D.11/2016-2926